000 00375 a2200169 4500
001 165838
020 _a85-260-0533-2
040 _cMagnum
100 _aLucas, Fábio
240 1 0 _aA mais bela história do mundo
_lpor
245 1 0 _aA mais bela história do mundo
300 _a63
362 0 _a1996
440 1 _aGlobal
697 _aLITERATURA JUVENIL
942 _cBK
999 _c165838
_d165838